अकबर इलाहाबादी की शायरी/ (Record no. 199937)

MARC details
000 -LEADER
fixed length control field 00688nam a22001817a 4500
005 - DATE AND TIME OF LATEST TRANSACTION
control field 20240101173125.0
010 ## - LCCN (DPL NO)
LC control number HIN-126641
020 ## - INTERNATIONAL STANDARD BOOK NUMBER
International Standard Book Number 9789385389580
Terms of availability 200.00
035 ## - SYSTEM CONTROL NUMBER
System control number HN-98987
037 ## - SOURCE OF ACQUISITION
Source of stock number/acquisition DBAD/PUB
082 ## - DEWEY DECIMAL CLASSIFICATION NUMBER
Classification number 821
245 ## - TITLE STATEMENT
Title अकबर इलाहाबादी की शायरी/
Statement of responsibility, etc संपादक ओम राज
260 ## - PUBLICATION, DISTRIBUTION, ETC. (IMPRINT)
Place of publication, distribution, etc कानपुर
Name of publisher, distributor, etc अमन प्रकाशन
Date of publication, distribution, etc 2017
270 ## - ADDRESS
Address 104-ए/80 सी रामबाग
City कानपुर
Postal code 208012
300 ## - PHYSICAL DESCRIPTION
Extent 111 पृ.;
Dimensions 22 सेमी.(सजिल्द)
710 ## - ADDED ENTRY--CORPORATE NAME
Corporate name or jurisdiction name as entry element ओम राज
Relator term संपादक
9 (RLIN) 60529
942 ## - ADDED ENTRY ELEMENTS (KOHA)
Source of classification or shelving scheme Dewey Decimal Classification
Item type Hindi Books
Classification part 821
Call number suffix अकब
Holdings
Withdrawn status Lost status Not for loan Collection code Home library Current library Date acquired Source of acquisition Cost, normal purchase price Full call number Barcode Copy number Cost, replacement price Koha item type
      Non-fiction Ashok Vihar Ashok Vihar 01/01/2024 DBAD/PUB 200.00 821 अकब HN-98987 1 200.00 Hindi Books

© Delhi Public Library
Hit Counter
free hit counter